Karlmarx jervitha sangraham (Record no. 1045327)

MARC details
000 -LEADER
fixed length control field 00655nam a2200253Ia 4500
003 - CONTROL NUMBER IDENTIFIER
control field OSt
005 - DATE AND TIME OF LATEST TRANSACTION
control field 20221005122757.0
008 - FIXED-LENGTH DATA ELEMENTS--GENERAL INFORMATION
fixed length control field 221004b |||||||| |||| 00| 0 tel d
037 ## - SOURCE OF ACQUISITION
Terms of availability Textual
040 ## - CATALOGING SOURCE
Original cataloging agency CRL
Transcribing agency CRL
Language of cataloging tel
041 ## - LANGUAGE CODE
Source of code tel
Language code of text/sound track or separate title tel
100 ## - MAIN ENTRY--PERSONAL NAME
Personal name Stevanova E.
9 (RLIN) 632579
245 #0 - TITLE STATEMENT
Title Karlmarx jervitha sangraham
300 ## - PHYSICAL DESCRIPTION
Extent 105p.
Dimensions cm.
650 ## - SUBJECT ADDED ENTRY--TOPICAL TERM
Topical term or geographic name entry element TELUGU LANGUAGE
9 (RLIN) 155493
650 ## - SUBJECT ADDED ENTRY--TOPICAL TERM
Topical term or geographic name entry element MARX, KARL
650 ## - SUBJECT ADDED ENTRY--TOPICAL TERM
Topical term or geographic name entry element ECONOMICS
942 ## - ADDED ENTRY ELEMENTS (KOHA)
Classification part X:3M24xM18w, 35K4
Koha item type Textual
Source of classification or shelving scheme
Holdings
Withdrawn status Lost status Damaged status Not for loan Home library Current library Date acquired Total Checkouts Full call number Barcode Date last seen Price effective from Koha item type
        Central Library Central Library 2022-10-05   X:3M24xM18w 35K4 AL0139410 2022-10-05 2022-10-05 Textual
Copyright @ Delhi University Library System